=LDR 00000nam 2200000 4500 =001 INLIS000000000038251 =005 20130612143926 =008 ***********************************iND** =035 ##$$0010-061300000038251 =041 ##$$a iND =082 ##$$a 658.72 =090 ##$$a 658.72, Sad k =100 ##$$a Sadar, Satimus =245 ##$$a Kiat memnangkan tender barang dan jasa, Satimus Sadar, Rita M, Vincent K =260 ##$$a 2009 $b Jakarta =300 ##$$a v,134 hlm, Ilus, 23 cm =650 ##$$a Pengadaan Barang =700 ##$$a Rita M =850 ##$$a NBPNMAT